| 000 | 01907cam a22003614a 4500 | ||
|---|---|---|---|
| 001 | 28954 | ||
| 005 | 20230410115706.0 | ||
| 008 | 010523s2005 enk e b 001 0 eng | ||
| 035 | _a12882538 | ||
| 925 | 0 |
_aacquire _b1 shelf copy _xpolicy default |
|
| 942 |
_2lcc _cbk |
||
| 010 | _a 2002437241 | ||
| 020 | _a186189242X | ||
| 035 | _a(UkLWHE)b000113925 | ||
| 040 |
_aDLC _cDLC _dDLC |
||
| 042 | _apcc | ||
| 050 | 1 | 4 |
_aHG 3881 _bA427g 2005 |
| 082 | 0 | 0 |
_a332/.042/09 _221 |
| 100 | 1 |
_aAllen, Larry, _d1949- |
|
| 245 | 1 | 4 |
_aThe global economic _bsystem since 1945 / _cLarry Allen. |
| 260 |
_aLondon : _bReaktion Books, _c2005. |
||
| 300 |
_a224 p. ; _c23 cm. |
||
| 440 | 0 | _aGlobalities | |
| 504 | _aIncludes bibliographical references (p. 242-248) and index. | ||
| 505 | 8 | _aMachine generated contents note: 1 The Coming ofthe Corporation S5 -- 2 The Making of Financial Markets 40 -- 3 Gold and Silver: Aristocrats of Monetary Standards 72 -- 4 The Triumph of Paper Money 88 -- 5 The Passage from Free Banking to Central Banking 99 -- 6 The Birth of World Currencies 26 -- 7 The Road to Flexible Exchange Rates 142 -- 8 The Evolution of International Banking I55 -- 9 The Paths of Foreign Investment 173 -- 10 The Struggle for Free Trade 184 -- 11 The Vicissitudes of Capitalism 20o -- I2 The Age of Financial Integration Begins 223 -- 13 In the Shadow of the Global Financial System 232 -- REFERENCES 237 -- BIBLIOGRAPHY 242 -- INDEX 249. | |
| 650 | 0 | _aInternational finance. | |
| 650 | 0 | _aFinancial institutions. | |
| 856 | 4 | 1 |
_3Table of contents only _uhttp://www.loc.gov/catdir/toc/fy032/2002437241.html |
| 856 | 4 | 2 |
_3Contributor biographical information _uhttp://www.loc.gov/catdir/enhancements/fy0614/2002437241-b.html |
| 856 | 4 | 2 |
_3Publisher description _uhttp://www.loc.gov/catdir/enhancements/fy0614/2002437241-d.html |
| 923 |
_d20020729 _n928656 _sEveretts |
||
| 985 | _eVENDOR LOAD | ||
| 999 |
_c46153 _d46153 |
||